000 00258nam a2200097Ia 4500
001 792059
005 20250826170621.0
008 250824s9999 xx 000 0 und d
245 0 _aTAVUK SUYUNA ÇORBA ASLA PES ETME
_cJACK CANFIELD
260 _bKORİDOR YAYINLARI
999 _c792059
_d792059